Conferencia internacional sobre evaluación e investigación en radio y TV educativas.

שמור ב:
מידע ביבליוגרפי
מחבר ראשי: Salinas Amescua, Bertha (autor)
פורמט: לא ידוע
שפה:ספרדית
נושאים:
גישה מקוונת:Ver documento en línea
תגים: הוספת תג
אין תגיות, היה/י הראשונ/ה לתייג את הרשומה!

MARC

LEADER 00000c**#a2200000ua#4500
001 000500139
003 DLC
005 20260413000000.0
008 070820c^^^^9999^^^^r1^^^^^^^^0^^^^0spa^d
009 20260413194136.361
022 |a 01851284 
035 |a FCE 000044223 
037 |a Acervo ITESO - Biblioteca 
041 |a spa 
095 |a RLEE  |b 76-3-140. 
100 |a Salinas Amescua, Bertha  |e (autor) 
245 1 0 |a Conferencia internacional sobre evaluación e investigación en radio y TV educativas. 
264 |a México :  |b Centro de Estudios Educativos,  |c 1976. 
336 |a texto  |b txt  |2 rdacontenido 
337 |a sin mediación  |b n  |2 rdamedio 
338 |a volumen  |b nc  |2 rdasoporte 
649 |a XX 
650 |a Televisión educativa 
650 |a Radio educativa 
650 |a Evaluación 
650 |a Investigación educativa 
740 |g vol. 6, no. 3, 1976, pp. 140-145.  |t Revista Latinoamericana de Estudios Educativos. Informes, notas y documentos, 
856 4 0 |u https://www.cee.edu.mx/rlee/revista/r1971_1980/r_texto/t_1976_3_09.pdf  |y Ver documento en línea 
910 |a Fondo Centro de Estudios Educativos 
920 |a Impresos - Libros 
930 |a Fondos Especiales 
905 |a 133 
902 |a https://opac.biblio.iteso.mx/vufind/Record/000500139